Exercices de grammaire en contexte : Mise en pratique

Ce livre d'entrainement et de pratique comporte 15 chapitre qui mettent en relation la progression grammaticale et les situations de communication de base. Un sommaire détaillé et les consignes simples rendent l'utilisation de l'ouvrage aisée.

Shranjeno v:
Bibliografske podrobnosti
Format: Knjiga
Jezik:Undetermined
Izdano: Paris Hachette 2000
Teme:
Oznake: Označite
Brez oznak, prvi označite!
Thư viện lưu trữ: Trung tâm Học liệu Trường Đại học Cần Thơ
LEADER 00816nam a2200217Ia 4500
001 CTU_134108
008 210402s9999 xx 000 0 und d
020 |c 193000 
082 |a 448.24 
082 |b E96 
245 0 |a Exercices de grammaire en contexte : 
245 0 |b Mise en pratique 
245 0 |c Anne Akyuz ... [et al.] 
260 |a Paris 
260 |b Hachette 
260 |c 2000 
520 |a Ce livre d'entrainement et de pratique comporte 15 chapitre qui mettent en relation la progression grammaticale et les situations de communication de base. Un sommaire détaillé et les consignes simples rendent l'utilisation de l'ouvrage aisée. 
650 |a French language,French language 
650 |x Study and teaching 
904 |i Giang 
980 |a Trung tâm Học liệu Trường Đại học Cần Thơ